| 000 | 00762nam a2200193 a 4500 | ||
|---|---|---|---|
| 003 | 0 | ||
| 005 | 20250421092451.0 | ||
| 008 | 060801s19uu xx 00 eng d | ||
| 050 |
_aPHS ML 3918.R63 _b.M34 2006 |
||
| 100 | _aMaglaque, Diego N. | ||
| 245 |
_aEffects of rock music on the behavior of teenagers from Moonwalk, Merville and Multinational Villages / _cDiego N. Maglaque. |
||
| 260 |
_aLas Piñas City, Philippines : _bSouthville International School and Colleges, _c2006. |
||
| 300 |
_a45 pages : _billustrations ; _c28 cm. |
||
| 504 | _aIncludes bibliographical references. | ||
| 650 |
_aRock music _xPsychological aspects. |
||
| 650 |
_aTeenagers _xEffect of music on. |
||
| 650 |
_aMusic and youth _zPhilippines _zParañaque City. |
||
| 942 |
_2lcc _cPASS |
||
| 999 |
_c97643 _d97643 |
||